000 00646nam a2200229 i 4500
001 C2-0101592
003 PPAK
005 20180727095807.0
008 970527s1995 nyua|||| ||||| | eng d
020 _a1883915023
040 _aPPAK
_beng
_cPPAK
_erda
082 0 4 _a745.4
_223
090 0 0 _a745.4
_bPRI
_dR
245 0 0 _aPrint's best logos and symbols 4
264 1 _aNew York :
_bRC Publications ,
_c1995
300 _a190 pages :
_billustrations ;
_c28 cm
336 _2rdacontent
_atext
337 _2rdamedia
_aunmediated
338 _2rdacarrier
_avolume
650 1 0 _aLogography - Awards; signs and symbols - Awards.
942 _ddc
_cB
999 _c23416
_d23416